1864 1554 1721 1370 1856 1423 1758 1007 1860 1488 1095 1855 1256 1207 1353 1042 1088 1698 1004 1282 1251 1494 1419 1955 1785 1650 1456 1222 1625 1441 1774 1194 1080 1672 1961 1946 1660 1220 1941 1358 1618 1605 1513 1787 1256 1115 1713 1893 1202 1879 1519 1374 1263 1257 1769 1929 1624 1460 1360 1273 1476 1647 1698 1981 1104 1062 1683 1803 1030 1150 1676 1185 1612 1436 1894 1589 1098 1557 1775 1697 1397 1503 1195 1026 1366 1024 1255 1342 1856 1840 1488 1118 1664 1382 1212 1318 1839 1690 1127 BCNSPRNW ULIB Ver.6.0+V

เปลี่ยนเป็นภาษาไทย

Change to English
 แสดงรายละเอียดบรรณานุกรม
  กลับหน้าหลัก

Brief Record : Get Marc (ISO 2709) : E-mail record : QR code < ปิดหน้าต่าง
LEADER : 00000nam 2200000uu 4500
001    13399113217
003     ULIB
008    111003s2553||||th 000 0 tha d
020    9786169006992
050 04 QC21.2^bส716พ 2553
100 0  สุชาติ สุภาพ
245 10 ฟิสิกส์ 1 ระดับมหาวิทยาลัย เล่ม 1 /^cสุชาติ สุภาพ
260    กรุงเทพฯ :^bไซน์ พับลิชชิ่ง,^c2553
300    251 หน้า :^bภาพประกอบ
650  7 ฟิสิกส์
650  7 ฟิสิกส์^xแบบเรียน
945    ^p79^l0^i027713
995    ทศพร
999 ^a ทศพร
รายการนี้ยังไม่มีแท็ก
คุณยังไม่ได้ล็อกอิน คุณสามารถมีกิจกรรมร่วมกับเว็บไซต์ได้ แต่ต้องล็อกอินก่อน ::
  ล็อกอิน

รายการสื่อสารสนเทศ

ลำดับที่ ประเภท เลขเรียก/บาร์โค้ด สถานที่ สถานะ
- ไม่พบข้อมูล -

รายการใกล้เคียง
    หัวเรื่อง [ฟิสิกส์]

BibComment


ยังไม่เคยถูกคอมเมนท์

คอมเมนท์ทรัพยากรรายการนี้
  คอมเมนท์: ฟิสิกส์ 1 ระดับมห..


 Copyright 2026. Bcnsprnw @Library